[Event "Westerndorf St.Peter/Rosenheim"]
[Site "Westerndorf St.Peter/Rosenheim"]
[Date "2015.08.25"]
[Round "5.4"]
[White "Liepold, Stefan"]
[Black "Miller, Eduard"]
[Result "1/2-1/2"]
[WhiteElo "2252"]
[BlackElo "2207"]
[PlyCount "122"]
[EventDate "2015.??.??"]
[WhiteTeam "SC Erlangen 48/88"]
[BlackTeam "SC Erlangen 48/88"]

1. e4 c5 2. Nf3 Nc6 3. d4 cxd4 4. Nxd4 g6 5. c4 Bg7 6. Be3 Nh6 7. Nc3 O-O 8.
Be2 f5 9. Nxc6 bxc6 10. Qd2 Nf7 11. exf5 gxf5 12. O-O d6 13. Rad1 e6 14. Bh5 d5
15. Bc5 Re8 16. f4 Qh4 17. Bxf7+ Kxf7 18. Bd4 Ba6 19. Bxg7 Kxg7 20. Rf3 Bxc4
21. b3 Ba6 22. Na4 Qf6 23. Nc5 Bc8 24. Re1 a5 25. Qe3 Kf8 26. Rg3 Re7 27. Nd3
a4 28. b4 Ba6 29. Ne5 Bb5 30. Qc5 Rd8 31. Rd1 Qh8 32. Rd4 Ke8 33. Rg5 Qf8 34.
Nxc6 Bxc6 35. Qxc6+ Kf7 36. Qxa4 Rc7 37. Qd1 Qh8 38. h3 Rdc8 39. Kh2 Rc1 40.
Qh5+ Ke7 41. Rd2 Qa1 42. Qxh7+ Kd6 43. Rxd5+ Kxd5 44. Qd7+ Kc4 45. Qxc8+ Kxb4
46. Qb8+ Ka4 47. Qa7+ Kb4 48. Qb6+ Ka4 49. Qa6+ Kb4 50. a3+ Kc5 51. Qc8+ Kd6
52. Qa6+ Kd5 53. Qd3+ Kc6 54. Qe3 Re1 55. Qf3+ Kd6 56. Qd3+ Kc5 57. Qc2+ Kd6
58. Qd2+ Kc6 59. Qc2+ Kd6 60. Qd3+ Kc5 61. Qc2+ Kd6 1/2-1/2

[Event "Westerndorf St.Peter/Rosenheim"]
[Site "Westerndorf St.Peter/Rosenheim"]
[Date "2015.08.25"]
[Round "5.5"]
[White "Schelle, Artur"]
[Black "Dehlinger, Alexander"]
[Result "0-1"]
[WhiteElo "2204"]
[BlackElo "2258"]
[PlyCount "136"]
[EventDate "2015.??.??"]
[WhiteTeam "SC Tarrasch 45 München"]
[BlackTeam "SC Garching 1980"]

1. e4 c5 2. Nc3 Nc6 3. g3 g6 4. Bg2 Bg7 5. d3 d6 6. Be3 e5 7. Qd2 Nge7 8. f4
O-O 9. Nf3 Nd4 10. O-O Bg4 11. Nh4 exf4 12. Rxf4 Qd7 13. Rf2 b5 14. Raf1 b4 15.
Nd1 Be6 16. c3 Ndc6 17. Nf3 Bxa2 18. c4 Bb3 19. Bh6 Bxd1 20. Bxg7 Kxg7 21. Qxd1
Ne5 22. d4 cxd4 23. Nxd4 N7c6 24. b3 Nxd4 25. Qxd4 Qc7 26. h4 Qc5 27. Qd1 h5
28. Bh3 a5 29. Kh2 a4 30. bxa4 Nxc4 31. Qb3 Ne5 32. Rc2 Qa7 33. Qxb4 Qxa4 34.
Qd2 Rad8 35. Rf4 Qb3 36. Rc3 Qb4 37. Be6 Rb8 38. Bh3 Rb6 39. Qe3 Rc6 40. Rxc6
Nxc6 41. Rf2 Ne5 42. Qf4 Kg8 43. Be6 Qb8 44. Bd5 Qd8 45. Kg2 Kg7 46. Qe3 Qe7
47. Qc3 Kg8 48. Qb3 Qd7 49. Rf6 Kg7 50. Rf2 Qc7 51. Qe3 Qc5 52. Qf4 Ng4 53. Rb2
Ne3+ 54. Kh2 Nxd5 55. exd5 Qxd5 56. Rd2 Qe5 57. Rxd6 Qxf4 58. gxf4 Ra8 59. Rd3
Kf6 60. Kg3 Ra1 61. Rd6+ Ke7 62. Rb6 Rg1+ 63. Kh3 Rf1 64. Kg3 Kf8 65. Ra6 Kg7
66. Ra5 Rg1+ 67. Kh3 Kf6 68. Rg5 Rxg5 0-1

[Event "Westerndorf St.Peter/Rosenheim"]
[Site "Westerndorf St.Peter/Rosenheim"]
[Date "2015.08.25"]
[Round "5.7"]
[White "Heimrath, Reiner"]
[Black "Schatz, Christian"]
[Result "1/2-1/2"]
[WhiteElo "2213"]
[BlackElo "2168"]
[PlyCount "42"]
[EventDate "2015.??.??"]
[WhiteTeam "SC Noris-Tarrasch Nürnberg 1873"]
[BlackTeam "TSV 1869 Rottendorf"]

1. Nf3 Nf6 2. g3 g6 3. Bg2 Bg7 4. d3 O-O 5. e4 c5 6. O-O Nc6 7. c3 d6 8. Na3
Rb8 9. Re1 e5 10. h3 Re8 11. Nc2 h6 12. Nh2 d5 13. Qf3 d4 14. g4 Nh7 15. Qe2 g5
16. Nf1 Nf8 17. Ng3 Ng6 18. Nf5 Be6 19. c4 Bf8 20. Qd1 a6 21. b3 Qd7 1/2-1/2

[Event "Westerndorf St.Peter/Rosenheim"]
[Site "Westerndorf St.Peter/Rosenheim"]
[Date "2015.08.25"]
[Round "5.8"]
[White "Oberhofer, Cédric"]
[Black "Straub, Jürgen"]
[Result "0-1"]
[WhiteElo "2125"]
[BlackElo "2202"]
[PlyCount "104"]
[EventDate "2015.??.??"]
[WhiteTeam "SC Bavaria Regensburg 1881"]
[BlackTeam "TSV Ingolstadt Nord"]

1. e4 c5 2. Nf3 g6 3. d4 cxd4 4. Nxd4 Bg7 5. Nc3 Nc6 6. Be3 Nf6 7. Nxc6 bxc6 8.
e5 Ng8 9. f4 f6 10. e6 dxe6 11. Qf3 Qc7 12. Nb5 Qb7 13. Nd4 Bd7 14. Bb5 Rc8 15.
O-O Qb6 16. Bc4 c5 17. Nb3 Nh6 18. Rad1 Nf5 19. Qf2 Nxe3 20. Qxe3 Rc6 21. Rfe1
Bc8 22. Bd5 Rc7 23. Bxe6 Bxe6 24. Qxe6 Qxe6 25. Rxe6 Kf7 26. Re2 c4 27. Nd4 Rd8
28. c3 f5 29. Red2 Rcd7 30. Nf3 Rxd2 31. Rxd2 Rxd2 32. Nxd2 Bh6 33. g3 e5 34.
Nxc4 exf4 35. Kf2 fxg3+ 36. hxg3 Ke6 37. Ne3 Bg7 38. Kf3 h5 39. Ng2 g5 40. Ne1
Kd5 41. Ng2 Be5 42. Ne3+ Ke6 43. Nc4 g4+ 44. Kf2 Bc7 45. Nd2 f4 46. gxf4 Bxf4
47. Nf1 h4 48. Kg1 h3 49. Nh2 g3 50. Nf3 Be3+ 51. Kh1 Kd5 52. Ng1 Bxg1 0-1

[Event "Westerndorf St.Peter/Rosenheim"]
[Site "Westerndorf St.Peter/Rosenheim"]
[Date "2015.08.25"]
[Round "5.9"]
[White "Hofstetter, Hans-Joachim"]
[Black "Golder, Waldemar"]
[Result "0-1"]
[WhiteElo "2180"]
[BlackElo "2009"]
[PlyCount "44"]
[EventDate "2015.??.??"]
[WhiteTeam "SK 1933 Bad Neustadt"]
[BlackTeam "FC Ergolding 1932"]

1. e4 c5 2. Nf3 d6 3. c3 Nf6 4. Be2 g6 5. O-O Bg7 6. Re1 O-O 7. Bf1 Nc6 8. h3
e5 9. d4 cxd4 10. cxd4 Nxd4 11. Nxd4 exd4 12. Qxd4 Re8 13. Bc4 Nxe4 14. Bxf7+
Kxf7 15. Qd5+ Kf8 16. Rxe4 Bf5 17. Rxe8+ Qxe8 18. Nd2 Qe1+ 19. Nf1 Rc8 20.
Qxd6+ Kg8 21. Qd5+ Be6 22. Be3 Qxf1+ 0-1

[Event "Westerndorf St.Peter/Rosenheim"]
[Site "Westerndorf St.Peter/Rosenheim"]
[Date "2015.08.25"]
[Round "5.10"]
[White "Stadler, Alexander"]
[Black "Bilchinski, Anton"]
[Result "0-1"]
[WhiteElo "2079"]
[BlackElo "2276"]
[PlyCount "92"]
[EventDate "2015.??.??"]
[WhiteTeam "SV Röhrnbach"]
[BlackTeam "SK Krumbach"]

1. d4 f5 2. g3 Nf6 3. Bg2 g6 4. Nf3 Bg7 5. b3 O-O 6. Bb2 d6 7. O-O c6 8. Nbd2
Na6 9. c4 Rb8 10. Re1 b5 11. Ng5 bxc4 12. Nxc4 h6 13. Nh3 Nb4 14. Nf4 g5 15. a3
Nbd5 16. Nxd5 cxd5 17. Ne3 e6 18. a4 f4 19. Nf1 fxg3 20. hxg3 Qb6 21. Ba3 Ng4
22. a5 Qxd4 23. Qxd4 Bxd4 24. Bxd6 Bxf2+ 25. Kh1 Rxb3 26. Rec1 Re8 27. Bh3 h5
28. Kg2 Bd4 29. Bxg4 hxg4 30. Ra4 e5 31. e3 Bxe3 32. Nxe3 Rxe3 33. Rb4 Re2+ 34.
Kg1 Kf7 35. Rb8 Bd7 36. Rb7 Ke6 37. Bc5 d4 38. Rxa7 d3 39. Ra6+ Kf5 40. Rd6 Bb5
41. Rd1 Rc8 42. Bb4 Rcc2 43. a6 Rg2+ 44. Kh1 Rh2+ 45. Kg1 Rcg2+ 46. Kf1 d2+ 0-1

[Event "Westerndorf St.Peter/Rosenheim"]
[Site "Westerndorf St.Peter/Rosenheim"]
[Date "2015.08.25"]
[Round "5.11"]
[White "Lorenz, Mark"]
[Black "Kolb, Wolfgang"]
[Result "1-0"]
[WhiteElo "2222"]
[BlackElo "2067"]
[PlyCount "85"]
[EventDate "2015.??.??"]
[WhiteTeam "1. FC Marktleuthen"]
[BlackTeam "SK Königsbrunn"]

1. c4 c5 2. Nc3 Nc6 3. g3 g6 4. Bg2 Bg7 5. Nf3 e5 6. d3 Nge7 7. Rb1 O-O 8. O-O
d6 9. a3 a5 10. Bg5 f6 11. Be3 Be6 12. Ne1 b6 13. Nc2 d5 14. cxd5 Nxd5 15. Nxd5
Bxd5 16. Bxd5+ Qxd5 17. b4 cxb4 18. axb4 Rfb8 19. bxa5 bxa5 20. Na3 Rb4 21. Qc2
Rab8 22. Rfc1 Rxb1 23. Nxb1 Nd4 24. Bxd4 Qxd4 25. Qa2+ Kh8 26. Qxa5 Bh6 27. Nd2
Bxd2 28. Qxd2 Ra8 29. Qh6 Qd7 30. Qe3 Rc8 31. Rb1 Kg7 32. Qe4 h5 33. h4 Qf7 34.
e3 Re8 35. Qc6 Re7 36. Rb8 Rc7 37. Qd6 Rd7 38. Qa6 Ra7 39. Qc8 g5 40. hxg5 fxg5
41. Qh8+ Kg6 42. Rg8+ Kf5 43. Rf8 1-0

[Event "Westerndorf St.Peter/Rosenheim"]
[Site "Westerndorf St.Peter/Rosenheim"]
[Date "2015.08.25"]
[Round "5.12"]
[White "Hinterreiter, Markus"]
[Black "Schlichtmann, Robin"]
[Result "1/2-1/2"]
[WhiteElo "2035"]
[BlackElo "2162"]
[PlyCount "34"]
[EventDate "2015.??.??"]
[WhiteTeam "TSV Trostberg"]
[BlackTeam "SK Bruckmühl"]

1. e4 e5 2. Nf3 Nc6 3. Bc4 Bc5 4. c3 Nf6 5. d3 a6 6. O-O d6 7. Bb3 Ba7 8. Nbd2
O-O 9. h3 h6 10. Re1 Re8 11. Nf1 Be6 12. Be3 Bxe3 13. Nxe3 Bxb3 14. Qxb3 Qd7
15. a4 Rab8 16. a5 Qe6 17. Qxe6 Rxe6 1/2-1/2

[Event "Westerndorf St.Peter/Rosenheim"]
[Site "Westerndorf St.Peter/Rosenheim"]
[Date "2015.08.25"]
[Round "5.13"]
[White "Nagy, Laszlo"]
[Black "Graf, Christian"]
[Result "1-0"]
[WhiteElo "1950"]
[BlackElo "2133"]
[PlyCount "131"]
[EventDate "2015.??.??"]
[WhiteTeam "SG Vogtareuth-Prutting"]
[BlackTeam "SU Ebersberg-Grafing"]

1. d4 c6 2. c4 d5 3. cxd5 cxd5 4. Nc3 Nf6 5. Bf4 Nc6 6. e3 a6 7. Nf3 Bg4 8. Bd3
e6 9. h3 Bh5 10. Rc1 Bd6 11. Bxd6 Qxd6 12. Qa4 O-O 13. Be2 b5 14. Qd1 Rfc8 15.
O-O Na5 16. Ne5 Bxe2 17. Nxe2 Nd7 18. Nd3 Nc4 19. b3 Ncb6 20. Qd2 Rxc1 21. Rxc1
Qa3 22. Nc5 Rc8 23. Nxd7 Rxc1+ 24. Nxc1 Nxd7 25. Nd3 g6 26. Qc2 Kg7 27. Kf1 Qd6
28. Qc8 Nf6 29. Ne5 Qb6 30. g4 h6 31. f4 Ne4 32. Qd7 Nd6 33. Kg2 Kf6 34. Kf3 b4
35. Qxf7+ Nxf7 36. Nd7+ Ke7 37. Nxb6 Nd6 38. Na4 Ne4 39. Nc5 Nc3 40. Nxa6 Nxa2
41. e4 dxe4+ 42. Kxe4 Kf6 43. Kd3 Nc1+ 44. Kc4 Ne2 45. Nxb4 Nxf4 46. Nd3 Nxh3
47. b4 h5 48. b5 Ke7 49. Kc5 Ng5 50. b6 Ne4+ 51. Kc6 Nd6 52. g5 Nc4 53. Ne5
Nxb6 54. Nxg6+ Kf7 55. Ne5+ Kg7 56. Kxb6 h4 57. Kc6 h3 58. Nf3 Kg6 59. Kd6 Kf5
60. g6 Kxg6 61. Kxe6 Kh5 62. Kf5 Kh6 63. d5 Kg7 64. Ke6 Kg6 65. d6 Kh5 66. Kf5
1-0

[Event "Westerndorf St.Peter/Rosenheim"]
[Site "Westerndorf St.Peter/Rosenheim"]
[Date "2015.08.25"]
[Round "5.14"]
[White "Körber, Aljoscha"]
[Black "Häußler, Phillip"]
[Result "1-0"]
[WhiteElo "1940"]
[BlackElo "2105"]
[PlyCount "63"]
[EventDate "2015.??.??"]
[WhiteTeam "SC Garching 1980"]
[BlackTeam "SK Bad Aibling"]

1. e4 Nc6 2. Nc3 e6 3. d4 d5 4. e5 f6 5. exf6 Nxf6 6. Nf3 Bd6 7. Bd3 e5 8. dxe5
Nxe5 9. Be2 c6 10. O-O Nxf3+ 11. Bxf3 O-O 12. Ne2 Ng4 13. h3 Nh2 14. Bxd5+ cxd5
15. Qxd5+ Kh8 16. Rd1 Qh4 17. Qxd6 Bg4 18. Be3 Bxe2 19. Qxh2 Bxd1 20. Rxd1 Qc4
21. Rd7 Rf7 22. Qd6 Rxd7 23. Qxd7 Qxc2 24. Bd4 Rg8 25. a3 Qc1+ 26. Kh2 Qf4+ 27.
Kg1 Qc1+ 28. Kh2 Qf4+ 29. g3 Qb8 30. h4 a6 31. h5 h6 32. Qe6 1-0

[Event "Westerndorf St.Peter/Rosenheim"]
[Site "Westerndorf St.Peter/Rosenheim"]
[Date "2015.08.25"]
[Round "5.15"]
[White "Herrmann, Michael"]
[Black "Schewzow, Juri"]
[Result "1/2-1/2"]
[WhiteElo "2095"]
[BlackElo "1758"]
[PlyCount "46"]
[EventDate "2015.??.??"]
[WhiteTeam "SK Freilassing"]
[BlackTeam "SG Vogtareuth-Prutting"]

1. c4 Nf6 2. g3 e6 3. Nf3 g6 4. b3 Bg7 5. Bb2 d5 6. Bg2 O-O 7. O-O Nbd7 8. d3
b6 9. Ne5 Bb7 10. Nd2 Nxe5 11. Bxe5 c5 12. e3 Qe7 13. Nf3 Rfd8 14. Qe2 Nh5 15.
Bxg7 Nxg7 16. e4 dxe4 17. dxe4 e5 18. Bh3 Bc8 19. Bxc8 Raxc8 20. Rad1 f6 21.
Rxd8+ Rxd8 22. Rd1 Ne6 23. Rd5 Nc7 1/2-1/2

[Event "Westerndorf St.Peter/Rosenheim"]
[Site "Westerndorf St.Peter/Rosenheim"]
[Date "2015.08.25"]
[Round "5.16"]
[White "Prediger, Rupert"]
[Black "Basener, Winfried"]
[Result "1/2-1/2"]
[WhiteElo "2279"]
[BlackElo "2148"]
[PlyCount "71"]
[EventDate "2015.??.??"]
[WhiteTeam "SG Pang-Rosenheim 1910"]
[BlackTeam "SC Neuhausen 1908"]

1. e4 e6 2. d4 d5 3. Nc3 Bb4 4. exd5 exd5 5. Bd3 c6 6. Qf3 Qf6 7. Be3 Qxf3 8.
Nxf3 Nf6 9. a3 Bd6 10. Nh4 O-O 11. Nf5 Bxf5 12. Bxf5 Nbd7 13. O-O Rfe8 14. Rae1
Nf8 15. Bg5 N6d7 16. Ne2 Nb6 17. c3 Nc4 18. Bc1 Re7 19. Ng3 Rae8 20. Rxe7 Rxe7
21. Bd3 g6 22. Rd1 b5 23. Nf1 Nd7 24. Ne3 Ndb6 25. g3 f5 26. Kf1 a5 27. Nxc4
dxc4 28. Be2 a4 29. Bf3 Nd5 30. Re1 Rxe1+ 31. Kxe1 Kf7 32. Ke2 h5 33. Bg2 Kf6
34. h4 Ke6 35. Kf3 Bc7 36. Ke2 1/2-1/2

[Event "Westerndorf St.Peter/Rosenheim"]
[Site "Westerndorf St.Peter/Rosenheim"]
[Date "2015.08.25"]
[Round "5.17"]
[White "Kretschel, Klaus"]
[Black "Lederle, Vitus"]
[Result "0-1"]
[WhiteElo "2029"]
[BlackElo "2215"]
[PlyCount "62"]
[EventDate "2015.??.??"]
[WhiteTeam "TuS Fürstenfeldbruck"]
[BlackTeam "SC Dillingen"]

1. Nf3 Nf6 2. c4 c5 3. e3 b6 4. Nc3 Bb7 5. Be2 e6 6. O-O Be7 7. b3 O-O 8. Bb2
d6 9. d4 a6 10. Qc2 Nbd7 11. Rac1 Qc7 12. Rfd1 Rac8 13. dxc5 Nxc5 14. Nd2 Rfd8
15. Bf3 h6 16. Bxb7 Qxb7 17. Qb1 Rc7 18. a4 e5 19. e4 Rdc8 20. Nd5 Nxd5 21.
cxd5 Bg5 22. Ba3 Bxd2 23. Rxd2 Nxe4 24. Rxc7 Qxc7 25. Rd3 b5 26. g3 Qb6 27. Qe1
Rc2 28. Re3 Nxf2 29. a5 Qd4 30. Bxd6 Qxd5 31. Re2 Nh3+ 0-1

[Event "Westerndorf St.Peter/Rosenheim"]
[Site "Westerndorf St.Peter/Rosenheim"]
[Date "2015.08.25"]
[Round "6.4"]
[White "Wisnet, Dominic"]
[Black "Großhans, Ralf-Michael"]
[Result "0-1"]
[WhiteElo "2249"]
[BlackElo "2135"]
[PlyCount "116"]
[EventDate "2015.??.??"]
[WhiteTeam "SV Röhrnbach"]
[BlackTeam "SK Weidhausen 1989"]

1. e4 Nf6 2. e5 Nd5 3. d4 d6 4. Nf3 Bg4 5. Be2 c6 6. exd6 Qxd6 7. O-O e6 8. Ne5
Bxe2 9. Qxe2 Nd7 10. f4 Ne7 11. Nc4 Qxd4+ 12. Be3 Qf6 13. Nd6+ Kd8 14. Nc3 Kc7
15. Rad1 Nd5 16. Ndb5+ Kd8 17. Ne4 Qg6 18. c4 Qxe4 19. Bb6+ N5xb6 20. Qxe4 cxb5
21. Qxb7 Bc5+ 22. Kh1 Ke7 23. cxb5 Rab8 24. Qf3 Rhd8 25. Qc3 Nd5 26. Qxg7 N7f6
27. Qg5 Bb6 28. Rde1 Ne3 29. Rf3 Rd5 30. f5 Rg8 31. Qh6 Nxf5 32. Qh3 Ng4 33.
Qxh7 Rg6 34. h3 Nf6 35. Rxf5 Rxf5 36. Qh4 Bf2 37. Qb4+ Bc5 38. Qa5 Nd5 39. Qa6
Bb6 40. Qa3+ Kd7 41. Qd3 Bf2 42. g4 Rf4 43. Rf1 Rgf6 44. Qc2 Rf3 45. Qh7 Nf4
46. Rxf2 Rxf2 47. Qe4 Nd5 48. Qd4 R6f3 49. Qxa7+ Kd6 50. b6 Rxb2 51. Qb8+ Ke7
52. Qa7+ Kf6 53. Kg1 Rg3+ 54. Kh1 Rxh3+ 55. Kg1 Rg3+ 56. Kh1 Nf4 57. g5+ Kg6
58. b7 Rb1+ 0-1

[Event "Westerndorf St.Peter/Rosenheim"]
[Site "Westerndorf St.Peter/Rosenheim"]
[Date "2015.08.25"]
[Round "6.5"]
[White "Golder, Waldemar"]
[Black "Liepold, Stefan"]
[Result "1/2-1/2"]
[WhiteElo "2009"]
[BlackElo "2252"]
[PlyCount "146"]
[EventDate "2015.??.??"]
[WhiteTeam "FC Ergolding 1932"]
[BlackTeam "SC Erlangen 48/88"]

1. Nf3 Nf6 2. d4 g6 3. Bf4 Bg7 4. e3 O-O 5. h3 d6 6. Nbd2 c5 7. c3 Nc6 8. Be2
Be6 9. O-O Qb6 10. b3 Nd5 11. Nc4 Qd8 12. Qd2 Nxf4 13. exf4 cxd4 14. cxd4 Bd5
15. Rac1 Rb8 16. g3 b5 17. Ne3 Bxf3 18. Bxf3 Nxd4 19. Bg2 e6 20. Rfd1 Qb6 21.
Nc2 Rfc8 22. Nxd4 Rxc1 23. Qxc1 Bxd4 24. Qd2 e5 25. Rc1 Qd8 26. Bd5 Rc8 27. Kg2
Rc5 28. Bf3 Qc7 29. Rxc5 dxc5 30. fxe5 Qxe5 31. Qe2 Qxe2 32. Bxe2 a6 33. a4
bxa4 34. bxa4 a5 35. f4 Kg7 36. Kf3 f5 37. Bc4 Kf6 38. h4 Bc3 39. Ke2 Bb2 40.
Bg8 Bc1 41. Bc4 h6 42. Kf3 Bd2 43. Ke2 Bc3 44. Bb3 g5 45. hxg5+ hxg5 46. Bc4
Kg6 47. Be6 Bb2 48. Kf3 Bc1 49. fxg5 Kxg5 50. g4 f4 51. Bc4 Bb2 52. Bb3 Bg7 53.
Bc4 Bh6 54. Bb3 Kf6 55. Ke4 f3 56. Bc4 f2 57. Bd3 Bd2 58. Bc4 Kg5 59. Kf3 Be1
60. Bd3 Kf6 61. Ke4 Bd2 62. Bc4 Bc3 63. Bb5 Bd4 64. Bc4 Kg5 65. Kf3 Kh4 66. Bf1
Kg5 67. Bb5 Kf6 68. Ke4 Bb2 69. Bc4 Bc1 70. Bb5 Ke6 71. Bc4+ Kd6 72. Bb5 Bg5
73. Bc4 Bh4 1/2-1/2

[Event "Westerndorf St.Peter/Rosenheim"]
[Site "Westerndorf St.Peter/Rosenheim"]
[Date "2015.08.25"]
[Round "6.6"]
[White "Straub, Jürgen"]
[Black "Kleibel, Uwe"]
[Result "0-1"]
[WhiteElo "2202"]
[BlackElo "2195"]
[PlyCount "66"]
[EventDate "2015.??.??"]
[WhiteTeam "TSV Ingolstadt Nord"]
[BlackTeam "SV Röhrnbach"]

1. c4 c5 2. Nf3 g6 3. Nc3 Bg7 4. d4 cxd4 5. Nxd4 Nc6 6. e3 Nf6 7. Be2 d5 8.
cxd5 Nxd5 9. Nxc6 bxc6 10. Bd2 Rb8 11. Qc1 Nb4 12. Qb1 Ba6 13. Bxa6 Nxa6 14.
Na4 Nb4 15. Bxb4 Rxb4 16. Qc2 Qd5 17. O-O Qb5 18. Nc3 Rxb2 19. Nxb5 Rxc2 20.
Nd4 Bxd4 21. exd4 Kd7 22. Rfb1 Kc7 23. Rb4 Rb8 24. Ra4 Rbb2 25. Rxa7+ Kd6 26.
Re1 Rxa2 27. Raxe7 Rxf2 28. g3 Rg2+ 29. Kh1 Rxh2+ 30. Kg1 Rag2+ 31. Kf1 Rf2+
32. Kg1 Rhg2+ 33. Kh1 Rxg3 0-1

[Event "Westerndorf St.Peter/Rosenheim"]
[Site "Westerndorf St.Peter/Rosenheim"]
[Date "2015.08.25"]
[Round "6.7"]
[White "Bilchinski, Anton"]
[Black "Schelle, Artur"]
[Result "1-0"]
[WhiteElo "2276"]
[BlackElo "2204"]
[PlyCount "61"]
[EventDate "2015.??.??"]
[WhiteTeam "SK Krumbach"]
[BlackTeam "SC Tarrasch 45 München"]

1. d4 f5 2. c4 Nf6 3. Nc3 d6 4. Nf3 g6 5. g3 Bg7 6. Bg2 O-O 7. O-O Nc6 8. d5
Ne5 9. Nxe5 dxe5 10. e4 f4 11. gxf4 exf4 12. e5 Ng4 13. e6 Ne5 14. Re1 f3 15.
Bf1 b6 16. Re4 Bb7 17. Bf4 Rf5 18. Qe1 Ng4 19. Bh3 h5 20. Bxg4 hxg4 21. Bg3 b5
22. Nxb5 c6 23. dxc6 Bxc6 24. Rxg4 Bxb5 25. cxb5 g5 26. a4 Rc8 27. h4 Rcc5 28.
Rd1 Qe8 29. b4 Rcd5 30. Rxd5 Rxd5 31. Rxg5 1-0

[Event "Westerndorf St.Peter/Rosenheim"]
[Site "Westerndorf St.Peter/Rosenheim"]
[Date "2015.08.25"]
[Round "6.8"]
[White "Schatz, Christian"]
[Black "Knechtel, Roland"]
[Result "0-1"]
[WhiteElo "2168"]
[BlackElo "2264"]
[PlyCount "97"]
[EventDate "2015.??.??"]
[WhiteTeam "TSV 1869 Rottendorf"]
[BlackTeam "SV Röhrnbach"]

1. Nf3 d5 2. d4 c6 3. c4 Nf6 4. e3 a6 5. Nbd2 Bf5 6. Be2 h6 7. O-O e6 8. b3
Nbd7 9. Bb2 Be7 10. Ne5 Nxe5 11. dxe5 Nd7 12. Nf3 dxc4 13. Bxc4 Bg4 14. Be2 Qc7
15. Qd4 Bh5 16. g4 Bg6 17. Qf4 Rd8 18. Rfd1 Nb6 19. Rd4 c5 20. Rxd8+ Qxd8 21.
Rd1 Nd5 22. Qa4+ Qd7 23. Qa5 Qc6 24. Rc1 O-O 25. Nd4 Qd7 26. Nf3 Rc8 27. Ba3
Qe8 28. Qd2 b5 29. Bb2 Be4 30. Ne1 Nb4 31. Ba3 Rd8 32. Qb2 a5 33. Bxb4 axb4 34.
f3 Bb7 35. Qc2 Qc6 36. Nd3 Rc8 37. Qb2 c4 38. bxc4 bxc4 39. Nxb4 Qb6 40. Nd3
Qxe3+ 41. Nf2 Bc5 42. Rf1 Bxf3 43. Bxc4 Bxg4 44. Qb7 Rd8 45. Kg2 Rd2 46. Qb8+
Kh7 47. Qb1+ Bf5 48. Qe1 Be4+ 49. Kg1 0-1

[Event "Westerndorf St.Peter/Rosenheim"]
[Site "Westerndorf St.Peter/Rosenheim"]
[Date "2015.08.25"]
[Round "6.9"]
[White "Nagy, Laszlo"]
[Black "Lorenz, Mark"]
[Result "1/2-1/2"]
[WhiteElo "1950"]
[BlackElo "2222"]
[PlyCount "27"]
[EventDate "2015.??.??"]
[WhiteTeam "SG Vogtareuth-Prutting"]
[BlackTeam "1. FC Marktleuthen"]

1. d4 Nf6 2. c4 e6 3. Nf3 b6 4. g3 Ba6 5. b3 b5 6. cxb5 Bxb5 7. Bg2 d5 8. O-O
Nbd7 9. Bb2 Rc8 10. Nc3 Ba6 11. a3 c5 12. dxc5 Bxc5 13. b4 Be7 14. Qa4 1/2-1/2

[Event "Westerndorf St.Peter/Rosenheim"]
[Site "Westerndorf St.Peter/Rosenheim"]
[Date "2015.08.25"]
[Round "6.10"]
[White "Körber, Aljoscha"]
[Black "Heimrath, Reiner"]
[Result "0-1"]
[WhiteElo "1940"]
[BlackElo "2213"]
[PlyCount "120"]
[EventDate "2015.??.??"]
[WhiteTeam "SC Garching 1980"]
[BlackTeam "SC Noris-Tarrasch Nürnberg 1873"]

1. e4 g6 2. Nc3 Bg7 3. f4 c6 4. Nf3 d5 5. e5 h5 6. d4 Nh6 7. h3 Nf5 8. Bd3 Ng3
9. Rg1 Qb6 10. Ne2 Nxe2 11. Qxe2 e6 12. c3 Bf8 13. Be3 c5 14. O-O-O Nc6 15.
dxc5 Bxc5 16. Bxc5 Qxc5 17. Kb1 Bd7 18. Ng5 Qe7 19. g4 hxg4 20. hxg4 O-O-O 21.
Rh1 Kb8 22. Bc2 Na5 23. Rh2 Rxh2 24. Qxh2 Nc4 25. Bd3 Nxe5 26. Be2 Nc6 27. Bb5
a6 28. Bxc6 Bxc6 29. Qh7 Be8 30. Qg7 Rc8 31. Rh1 Rc4 32. Rh8 Rc8 33. Rh7 Qc5
34. Qe5+ Ka8 35. Qd4 Qxd4 36. cxd4 Bb5 37. b3 Be2 38. Rxf7 Bxg4 39. Rf6 Ka7 40.
Kb2 Bf5 41. b4 Rc4 42. a3 Kb6 43. Kb3 a5 44. bxa5+ Kxa5 45. Nf3 Kb5 46. Ng5
Rxd4 47. Nxe6 Bxe6 48. Rxe6 Rxf4 49. Rxg6 Rf3+ 50. Kb2 b6 51. Rd6 Kc5 52. Rd8
d4 53. Rd7 Kc4 54. Rc7+ Kd3 55. Kc1 Rf1+ 56. Kb2 Rf5 57. Rd7 Rb5+ 58. Ka2 Kc3
59. a4 Rb4 60. Rh7 d3 0-1

[Event "Westerndorf St.Peter/Rosenheim"]
[Site "Westerndorf St.Peter/Rosenheim"]
[Date "2015.08.25"]
[Round "6.11"]
[White "Lederle, Vitus"]
[Black "Herrmann, Michael"]
[Result "1-0"]
[WhiteElo "2215"]
[BlackElo "2095"]
[PlyCount "73"]
[EventDate "2015.??.??"]
[WhiteTeam "SC Dillingen"]
[BlackTeam "SK Freilassing"]

1. e4 c6 2. d4 d5 3. e5 Bf5 4. Nc3 Qb6 5. Nf3 e6 6. Bd3 Bxd3 7. Qxd3 Nd7 8. O-O
Ne7 9. Ne2 h5 10. a4 a5 11. Bg5 Nf5 12. Nf4 Be7 13. Bxe7 Kxe7 14. c4 dxc4 15.
Qxc4 Qb4 16. Qd3 Nb6 17. b3 g6 18. Rfd1 Rhd8 19. h3 h4 20. Ne2 Rd7 21. Rac1 Ke8
22. Qc2 Rad8 23. Rb1 Kf8 24. Rdc1 Kg7 25. Rf1 Nd5 26. Rbc1 Rh8 27. Qb2 Rhd8 28.
Rc4 Qb6 29. Rd1 Nb4 30. Kh2 Qa7 31. Qc1 Nd5 32. Qg5 Rh8 33. Qc1 Qb6 34. Nd2
Nde7 35. Ne4 Qxb3 36. Nc5 Qa2 37. Rd2 1-0

[Event "Westerndorf St.Peter/Rosenheim"]
[Site "Westerndorf St.Peter/Rosenheim"]
[Date "2015.08.25"]
[Round "6.12"]
[White "Hinterreiter, Markus"]
[Black "Hofstetter, Hans-Joachim"]
[Result "0-1"]
[WhiteElo "2035"]
[BlackElo "2180"]
[PlyCount "120"]
[EventDate "2015.??.??"]
[WhiteTeam "TSV Trostberg"]
[BlackTeam "SK 1933 Bad Neustadt"]

1. e4 c5 2. c3 e6 3. d4 d5 4. exd5 Qxd5 5. Nf3 Nc6 6. Be3 cxd4 7. cxd4 Nf6 8.
Nc3 Qa5 9. Bc4 Bb4 10. Qb3 O-O 11. O-O Rd8 12. Rac1 a6 13. Bd3 Bd7 14. Ne4 Nd5
15. Nc5 Qc7 16. Be4 Be8 17. Ng5 h6 18. Ngxe6 fxe6 19. Nxe6 Qd6 20. Nxd8 Rxd8
21. a3 Ba5 22. Qxb7 Nxe3 23. fxe3 Bd2 24. Qb3+ Kh8 25. Rcd1 Ba5 26. Rf4 Bc7 27.
Rdf1 Bh5 28. Rh4 Be8 29. Qd5 Qxd5 30. Bxd5 Ne7 31. Rf8+ Kh7 32. Be4+ g6 33. Rh3
Kg7 34. Rf2 Bd7 35. Rhf3 Be6 36. Rc2 Bd6 37. Bd3 a5 38. e4 Bg4 39. Rf1 g5 40.
h3 Bh5 41. Be2 Bg6 42. Bf3 Bf4 43. d5 Rxd5 44. exd5 Bxc2 45. Re1 Nf5 46. g4 Nd4
47. Kf2 Kf6 48. Re8 a4 49. Rh8 Nxf3 50. Kxf3 Ke5 51. Rxh6 Bd1+ 52. Kf2 Kxd5 53.
Ke1 Bb3 54. Rf6 Ke4 55. Rf5 Kf3 56. Rc5 Kg2 57. Rc3 Bg3+ 58. Ke2 Kxh3 59. Kf1
Kxg4 60. Kg2 Be5 0-1

[Event "Westerndorf St.Peter/Rosenheim"]
[Site "Westerndorf St.Peter/Rosenheim"]
[Date "2015.08.25"]
[Round "6.13"]
[White "Schlichtmann, Robin"]
[Black "Stadler, Alexander"]
[Result "1-0"]
[WhiteElo "2162"]
[BlackElo "2079"]
[PlyCount "83"]
[EventDate "2015.??.??"]
[WhiteTeam "SK Bruckmühl"]
[BlackTeam "SV Röhrnbach"]

1. e4 d6 2. f4 Nf6 3. Nc3 d5 4. e5 d4 5. exf6 dxc3 6. fxg7 cxd2+ 7. Qxd2 Qxd2+
8. Bxd2 Bxg7 9. O-O-O Bg4 10. Re1 Nc6 11. Bd3 O-O-O 12. Ne2 Be6 13. Bc3 Bxc3
14. Nxc3 Rd4 15. Re4 Bf5 16. Rxd4 Nxd4 17. Rd1 Rg8 18. Nd5 Re8 19. c3 Bxd3 20.
Rxd3 Ne6 21. f5 Nc5 22. Rh3 c6 23. Nf4 Rh8 24. Rh6 Kd7 25. Kc2 e5 26. Nd3 Nxd3
27. Kxd3 Ke7 28. Ke4 f6 29. g4 Kf7 30. h4 Kg7 31. g5 Rf8 32. Rxf6 Rxf6 33.
gxf6+ Kxf6 34. c4 c5 35. h5 h6 36. a3 a6 37. b4 b6 38. b5 axb5 39. cxb5 c4 40.
a4 c3 41. Kd3 Kxf5 42. a5 1-0